[Event "GoAudit Open 2023"]
[Site "Copenhagen"]
[Date "2023.11.10"]
[Round "1.1"]
[White "Dalsberg, Sandra de Blecourt"]
[Black "Hector, Jonny"]
[Result "0-1"]
[WhiteElo "2028"]
[BlackElo "2437"]
[PlyCount "78"]
[EventDate "2023.11.10"]
[EventType "swiss"]
[EventRounds "7"]
[EventCountry "DEN"]
[SourceTitle "Live v. Kasper Jerwiarz"]

1. d4 d5 2. c4 c6 3. cxd5 cxd5 4. Bf4 Nc6 5. e3 Bf5 6. Nc3 e6 7. Qb3 Bb4 8. a3
Bxc3+ 9. bxc3 Nge7 10. Nf3 O-O 11. Be2 Na5 12. Qb2 Rc8 13. Nd2 a6 14. O-O Rc6
15. Qb4 Re8 16. Rfc1 Ng6 17. Bg3 e5 18. dxe5 Nxe5 19. Bxe5 Rxe5 20. Nf3 Re4 21.
Nd4 Rg6 22. Bf3 Rh4 23. Qc5 Be4 24. Bxe4 Rxe4 25. Rab1 b6 26. Qb4 Nc4 27. Rd1
h5 28. Nf3 Nd2 29. Rxd2 Rxb4 30. Rxb4 Qc8 31. Rxd5 Qxc3 32. Rbd4 f6 33. h4 Rg4
34. Rd8+ Kh7 35. R4d5 Kg6 36. R8d6 Re4 37. Rg5+ Kh6 38. Rxb6 Qc1+ 39. Kh2 Qc7+
0-1

[Event "GoAudit Open 2023"]
[Site "Copenhagen"]
[Date "2023.11.10"]
[Round "1.2"]
[White "Haubro, Martin"]
[Black "Guindy, Esmat Susanne"]
[Result "1-0"]
[WhiteElo "2411"]
[BlackElo "2014"]
[PlyCount "75"]
[EventDate "2023.11.10"]
[EventType "swiss"]
[EventRounds "7"]
[EventCountry "DEN"]
[SourceTitle "Live v. Kasper Jerwiarz"]

1. e4 e6 2. d4 d5 3. Nc3 Nf6 4. e5 Nfd7 5. f4 c5 6. Nf3 Nc6 7. Be3 cxd4 8. Nxd4
Bc5 9. Qd2 a6 10. O-O-O Nxd4 11. Bxd4 Bxd4 12. Qxd4 Qb6 13. Be2 Qxd4 14. Rxd4
b6 15. Re1 Bb7 16. f5 Ke7 17. Bf3 Rac8 18. g4 h6 19. h4 Rhd8 20. g5 hxg5 21.
hxg5 exf5 22. Bxd5 Nc5 23. Rd2 b5 24. b4 Ne6 25. Bxb7 Rxc3 26. Rxd8 Kxd8 27.
Bxa6 Ra3 28. Bxb5 Rxa2 29. Kb1 Ra7 30. Rd1+ Ke7 31. c4 Rb7 32. Kc2 Nc7 33. Rd7+
Ke6 34. Kb3 f4 35. Bc6 Ra7 36. Rd3 Kxe5 37. b5 Ne6 38. Rd5+ 1-0

[Event "GoAudit Open 2023"]
[Site "Copenhagen"]
[Date "2023.11.10"]
[Round "1.3"]
[White "Mollasoltani, Aryan"]
[Black "Vasli, Aref"]
[Result "0-1"]
[WhiteElo "1993"]
[BlackElo "2404"]
[PlyCount "46"]
[EventDate "2023.11.10"]
[EventType "swiss"]
[EventRounds "7"]
[EventCountry "DEN"]
[SourceTitle "Live v. Kasper Jerwiarz"]

1. e4 e5 2. Nf3 Nc6 3. Bb5 a6 4. Ba4 Nf6 5. O-O b5 6. Bb3 Bb7 7. Re1 Bc5 8. c3
d6 9. d4 Bb6 10. a4 h6 11. Bc2 O-O 12. Be3 Ng4 13. Nbd2 exd4 14. Bxd4 Nxd4 15.
cxd4 Re8 16. Nf1 c5 17. h3 Nf6 18. d5 Nd7 19. Ng3 c4 20. Nf5 Qf6 21. b4 Ne5 22.
N3d4 g6 23. Ne3 Bxd4 0-1

[Event "GoAudit Open 2023"]
[Site "Copenhagen"]
[Date "2023.11.10"]
[Round "1.5"]
[White "Steenstrup, Svend"]
[Black "Nielsen, Viktor Haarmark"]
[Result "0-1"]
[WhiteElo "1937"]
[BlackElo "2376"]
[PlyCount "94"]
[EventDate "2023.11.10"]
[EventType "swiss"]
[EventRounds "7"]
[EventCountry "DEN"]
[SourceTitle "Live v. Kasper Jerwiarz"]

1. d4 Nf6 2. c4 e6 3. g3 d5 4. Bg2 Bb4+ 5. Nd2 O-O 6. Ngf3 dxc4 7. O-O b5 8. a3
Be7 9. Ne5 Nd5 10. e4 Nb6 11. Ndf3 Bb7 12. Qc2 N8d7 13. Be3 a6 14. Rad1 Qc8 15.
d5 exd5 16. exd5 Nxd5 17. Nxd7 Qxd7 18. Ne5 Qe6 19. Rfe1 Nxe3 20. Rxe3 Bxg2 21.
Kxg2 Bd6 22. Nc6 Qf6 23. Rf3 Qg6 24. Qc3 Rfe8 25. Qd4 Qe4 26. Qd5 Qxd5 27. Rxd5
Re2 28. Rdf5 f6 29. b3 cxb3 30. Rxb3 Ra2 31. Rff3 Re8 32. Nd4 c5 33. Nf5 Bf8
34. Ne3 c4 35. Rc3 Rxa3 36. Rxa3 Bxa3 37. Nxc4 bxc4 38. Rxa3 Re6 39. Kf3 Kf7
40. Ra5 Rc6 41. Ke4 c3 42. Ra1 c2 43. Rc1 Ke6 44. Kd4 a5 45. f4 Kf5 46. Ke3 Kg4
47. Kf2 Kh3 0-1

[Event "GoAudit Open 2023"]
[Site "Copenhagen"]
[Date "2023.11.10"]
[Round "1.6"]
[White "Kopylov, Michael"]
[Black "Saravana, Vedant Kumar"]
[Result "1-0"]
[WhiteElo "2367"]
[BlackElo "1924"]
[PlyCount "51"]
[EventDate "2023.11.10"]
[EventType "swiss"]
[EventRounds "7"]
[EventCountry "DEN"]
[SourceTitle "Live v. Kasper Jerwiarz"]

1. d4 d5 2. c4 c6 3. Nf3 Nf6 4. Qc2 e6 5. g3 Nbd7 6. Bg2 Bd6 7. O-O O-O 8. Nbd2
e5 9. cxd5 cxd5 10. dxe5 Nxe5 11. Nxe5 Bxe5 12. Nf3 Bd6 13. Rd1 Be6 14. Nd4 Qb6
15. Bg5 Rac8 16. Qd3 Nd7 17. Qb3 Qxb3 18. axb3 Bc5 19. Be3 a6 20. Rac1 h6 21.
f4 Bg4 22. Bxd5 Bxe2 23. Re1 Bxd4 24. Bxd4 Rxc1 25. Rxc1 Rd8 26. Bxb7 1-0

[Event "GoAudit Open 2023"]
[Site "Copenhagen"]
[Date "2023.11.10"]
[Round "1.7"]
[White "Wehding, Anton Bonsvig"]
[Black "Kopylov, Daniel"]
[Result "0-1"]
[WhiteElo "1923"]
[BlackElo "2342"]
[PlyCount "152"]
[EventDate "2023.11.10"]
[EventType "swiss"]
[EventRounds "7"]
[EventCountry "DEN"]
[SourceTitle "Live v. Kasper Jerwiarz"]

1. d4 Nf6 2. Nf3 g6 3. Bf4 Bg7 4. e3 c5 5. c3 d6 6. Nbd2 O-O 7. Bd3 b6 8. O-O
Bb7 9. Re1 Nbd7 10. h3 Re8 11. Bh2 Rc8 12. a4 e5 13. dxe5 dxe5 14. e4 Nh5 15.
a5 Nf4 16. Bxf4 exf4 17. Nc4 Qc7 18. axb6 axb6 19. Ra7 Bf8 20. Na3 Qb8 21. Nb5
Bc6 22. Qa1 Ne5 23. Nxe5 Qxe5 24. Bc4 Re7 25. Qa6 Rb8 26. Rxe7 Bxe7 27. Qa7 f3
28. Qc7 Qxc7 29. Nxc7 fxg2 30. Nd5 Bf8 31. Nf6+ Kg7 32. Bd5 Ba4 33. Ng4 Re8 34.
Ra1 Bc2 35. Ra7 Re7 36. Rxe7 Bxe7 37. Ne3 Bd3 38. Kxg2 b5 39. Ng4 f5 40. exf5
Bxf5 41. Ne3 Bd3 42. f4 Kf6 43. Kf3 Bd6 44. Ng4+ Ke7 45. Bg8 h5 46. Nf2 Bf5 47.
Bd5 Kd7 48. h4 Be7 49. Kg3 Kd6 50. Bf3 b4 51. Ne4+ Ke6 52. Nd2 Bf6 53. cxb4
cxb4 54. b3 Bc2 55. Be2 Kd6 56. Bc4 Kc5 57. Nf3 Bc3 58. Kf2 Bf5 59. Ke3 Bf6 60.
Ne5 Bxh4 61. Bf7 g5 62. Bxh5 gxf4+ 63. Kxf4 Bc2 64. Bf7 Be1 65. Nd7+ Kd4 66.
Nb8 Bd2+ 67. Kf3 Bd1+ 68. Kf2 Kc3 69. Na6 Bc2 70. Ke2 Bd3+ 71. Kd1 Bxa6 72. Bg8
Bd3 73. Bf7 Bc2+ 74. Ke2 Bg5 75. Be6 Bxb3 76. Bf5 Bc4+ 0-1

[Event "GoAudit Open 2023"]
[Site "Copenhagen"]
[Date "2023.11.10"]
[Round "1.8"]
[White "Hoi, Carsten"]
[Black "Petersen, Nils"]
[Result "1-0"]
[WhiteElo "2307"]
[BlackElo "1849"]
[PlyCount "87"]
[EventDate "2023.11.10"]
[EventType "swiss"]
[EventRounds "7"]
[EventCountry "DEN"]
[SourceTitle "Live v. Kasper Jerwiarz"]

1. d4 Nf6 2. Nf3 e6 3. e3 c5 4. Bd3 b6 5. O-O Bb7 6. c4 Be7 7. Nc3 O-O 8. d5
exd5 9. cxd5 d6 10. e4 Nbd7 11. h3 h6 12. Bf4 Re8 13. Nd2 a6 14. a4 Ne5 15.
Bxe5 dxe5 16. Nc4 Bd6 17. Qb3 Rb8 18. Qxb6 Qxb6 19. Nxb6 Bc7 20. Nc4 Red8 21.
a5 Ne8 22. Na4 f6 23. Nxc5 Bc8 24. Ra2 Nd6 25. Nxd6 Rxd6 26. Rc1 Bd8 27. Bc4
Kf8 28. Kf1 Ke7 29. Ke2 g6 30. b3 f5 31. f3 f4 32. Nd3 Kf6 33. b4 Bd7 34. Rb2
Bb5 35. Bxb5 Rxb5 36. Rc6 Rxc6 37. dxc6 Ke7 38. Nc5 Bxa5 39. Nxa6 Kd6 40. c7
Bxc7 41. Rd2+ Kc6 42. Rc2+ Kb6 43. Nxc7 Rxb4 44. Nd5+ 1-0

[Event "GoAudit Open 2023"]
[Site "Copenhagen"]
[Date "2023.11.10"]
[Round "1.9"]
[White "Moller, Silas Ingemann"]
[Black "Ostergaard, Jens"]
[Result "0-1"]
[WhiteElo "1788"]
[BlackElo "2285"]
[PlyCount "54"]
[EventDate "2023.11.10"]
[EventType "swiss"]
[EventRounds "7"]
[EventCountry "DEN"]
[SourceTitle "Live v. Kasper Jerwiarz"]

1. d4 Nf6 2. c4 e6 3. Nc3 d5 4. cxd5 exd5 5. Bg5 c6 6. e3 Be7 7. Bd3 O-O 8.
Nge2 Nbd7 9. O-O Re8 10. Qc2 Nf8 11. a3 Be6 12. f3 c5 13. Rae1 c4 14. Bf5 g6
15. Bxe6 Nxe6 16. Bh4 Rb8 17. Bf2 b5 18. e4 dxe4 19. fxe4 Ng4 20. d5 Nc5 21.
Nd4 Nd3 22. Nc6 Qc7 23. Bg3 Bd6 24. Bxd6 Qxd6 25. g3 Nxe1 26. Rxe1 Ne5 27. Nd4
Qb6 0-1

[Event "GoAudit Open 2023"]
[Site "Copenhagen"]
[Date "2023.11.10"]
[Round "1.10"]
[White "Schmidt, Kristen"]
[Black "Moller, Arne Vagn"]
[Result "1-0"]
[WhiteElo "2272"]
[BlackElo "1763"]
[PlyCount "53"]
[EventDate "2023.11.10"]
[EventType "swiss"]
[EventRounds "7"]
[EventCountry "DEN"]
[SourceTitle "Live v. Kasper Jerwiarz"]

1. e4 c5 2. Nf3 d6 3. d4 cxd4 4. Nxd4 Nf6 5. f3 e6 6. c4 Be7 7. Nc3 O-O 8. Be2
a6 9. O-O Nc6 10. Be3 Bd7 11. Qd2 Nxd4 12. Bxd4 e5 13. Be3 Bc6 14. Rac1 Rc8 15.
Rfd1 Ne8 16. Kh1 Nc7 17. Nd5 Nxd5 18. cxd5 Bd7 19. Qb4 Rxc1 20. Rxc1 Bc8 21.
Bb6 Qd7 22. Rc7 Qe8 23. Bd3 g6 24. a4 f5 25. Be3 fxe4 26. Bxe4 Bd7 27. Qxb7 1-0

[Event "GoAudit Open 2023"]
[Site "Copenhagen"]
[Date "2023.11.10"]
[Round "1.11"]
[White "Andries, Leia"]
[Black "Skonnord, Uno"]
[Result "0-1"]
[WhiteElo "1639"]
[BlackElo "2233"]
[PlyCount "106"]
[EventDate "2023.11.10"]
[EventType "swiss"]
[EventRounds "7"]
[EventCountry "DEN"]
[SourceTitle "Live v. Kasper Jerwiarz"]

1. e4 c5 2. c3 Nf6 3. e5 Nd5 4. d4 cxd4 5. Nf3 g6 6. Qxd4 e6 7. Bg5 Qb6 8. Qxb6
axb6 9. Bc4 Nc7 10. Bf6 Rg8 11. Nbd2 d5 12. exd6 Bxd6 13. Ne4 Be7 14. Be5 Nba6
15. Rd1 Bd7 16. Nd6+ Bxd6 17. Bxd6 Bc6 18. Ng5 Bxg2 19. Nxh7 O-O-O 20. Rg1 Bf3
21. Rd3 Bd5 22. Bxc7 Nxc7 23. Bxd5 Rxd5 24. Rxd5 Nxd5 25. Ng5 Rf8 26. Rg3 Kd7
27. Rf3 Ke7 28. Ne4 Rh8 29. h3 Rh4 30. Nd2 Nf4 31. Nc4 b5 32. Na5 Nxh3 33. Nxb7
Ng5 34. Rg3 Ne4 35. Re3 f5 36. f3 Rh1+ 37. Ke2 Ng3+ 38. Kf2 f4 39. Re1 Rh2+ 40.
Kg1 Rxb2 41. Nc5 Re2 42. Rb1 Rxa2 43. Rxb5 Ne2+ 44. Kf1 Nxc3 45. Rb6 Ra1+ 46.
Kg2 Re1 47. Rb3 Nd5 48. Ne4 Re2+ 49. Kf1 Re3 50. Rb7+ Kd8 51. Rg7 Rxf3+ 52. Kg2
Re3 53. Ng5 Rg3+ 0-1

[Event "GoAudit Open 2023"]
[Site "Copenhagen"]
[Date "2023.11.10"]
[Round "1.12"]
[White "Pedersen, Daniel Vesterbaek"]
[Black "Lontoft, Sven"]
[Result "1-0"]
[WhiteElo "2191"]
[BlackElo "1621"]
[PlyCount "57"]
[EventDate "2023.11.10"]
[EventType "swiss"]
[EventRounds "7"]
[EventCountry "DEN"]
[SourceTitle "Live v. Kasper Jerwiarz"]

1. d4 Nf6 2. Nf3 d5 3. c4 g6 4. cxd5 Nxd5 5. e4 Nf6 6. Nc3 Bg7 7. h3 O-O 8. Be2
e6 9. O-O Nbd7 10. Be3 b6 11. Qc2 Bb7 12. Rad1 Qe7 13. Rfe1 c5 14. d5 exd5 15.
exd5 Rad8 16. d6 Qe8 17. Bf4 Ne4 18. Bd3 f5 19. Ng5 Ndf6 20. f3 h6 21. Bc4+ Kh8
22. Ne6 Qc6 23. Nxd8 Rxd8 24. fxe4 Nxe4 25. Nxe4 fxe4 26. Bd5 Qd7 27. Bxb7 Qxb7
28. Qxe4 Qf7 29. Qe7 1-0

[Event "GoAudit Open 2023"]
[Site "Copenhagen"]
[Date "2023.11.10"]
[Round "2.1"]
[White "Hector, Jonny"]
[Black "Schmidt, Kristen"]
[Result "1-0"]
[WhiteElo "2437"]
[BlackElo "2272"]
[PlyCount "95"]
[EventDate "2023.11.10"]
[EventType "swiss"]
[EventRounds "7"]
[EventCountry "DEN"]
[SourceTitle "Live v. Kasper Jerwiarz"]

1. e4 d6 2. d4 Nf6 3. Nc3 g6 4. f4 Bg7 5. Nf3 O-O 6. e5 dxe5 7. dxe5 Qxd1+ 8.
Kxd1 Rd8+ 9. Ke1 Nd5 10. Nxd5 Rxd5 11. Be3 Nc6 12. Bc4 Rd8 13. Ng5 e6 14. Kf2
b6 15. c3 Bb7 16. Rhd1 h6 17. Nf3 a6 18. a4 Ne7 19. a5 b5 20. Be2 Bf8 21. Bc5
Nd5 22. Bxf8 Kxf8 23. g3 c5 24. c4 bxc4 25. Bxc4 Nb4 26. Rac1 Ke7 27. Nd2 Bd5
28. Be2 Rac8 29. Rc3 Rc6 30. Nf1 Rb8 31. Rd2 Na2 32. Ra3 Nc1 33. Bd1 c4 34. Ne3
Nd3+ 35. Kf1 Be4 36. Rc3 Rxb2 37. Rxb2 Nxb2 38. Be2 Bd5 39. Ke1 Na4 40. Ra3 Nb2
41. Kd2 Be4 42. Kc3 Nd3 43. Nxc4 Nc5 44. Kd4 Bd5 45. Nb6 Nb3+ 46. Ke3 Nc5 47.
Rc3 Nb3 48. Nxd5+ 1-0

[Event "GoAudit Open 2023"]
[Site "Copenhagen"]
[Date "2023.11.10"]
[Round "2.2"]
[White "Skonnord, Uno"]
[Black "Haubro, Martin"]
[Result "0-1"]
[WhiteElo "2233"]
[BlackElo "2411"]
[PlyCount "91"]
[EventDate "2023.11.10"]
[EventType "swiss"]
[EventRounds "7"]
[EventCountry "DEN"]
[SourceTitle "Live v. Kasper Jerwiarz"]

1. e4 e5 2. Nf3 Nc6 3. Bc4 Nf6 4. d3 Bc5 5. c3 d6 6. a4 a5 7. O-O Ba7 8. Nbd2
h6 9. Re1 O-O 10. h3 Re8 11. Nf1 Be6 12. Bxe6 Rxe6 13. Ng3 Qd7 14. Be3 Bxe3 15.
Rxe3 d5 16. Qb3 Ra6 17. Rae1 d4 18. cxd4 Rb6 19. Qa3 Nxd4 20. Nxd4 Qxd4 21. Nf5
Qb4 22. Qc3 Ne8 23. d4 exd4 24. Qxd4 Qxd4 25. Nxd4 Red6 26. Nb5 Rd2 27. R3e2
Rd3 28. Nc3 c6 29. e5 Nc7 30. Rd1 Rxd1+ 31. Nxd1 Nd5 32. Re4 Rb3 33. Kf1 Kf8
34. Ke2 Ke7 35. Kd2 Ke6 36. f4 Rg3 37. Nf2 Rxg2 38. Ke2 Rg3 39. Nd3 Kf5 40. Rc4
Rxh3 41. Rc5 Nxf4+ 42. Nxf4 Kxf4 43. Rxa5 Rh2+ 44. Kd3 Rxb2 45. Ra8 Kxe5 46.
Rg8 0-1

[Event "GoAudit Open 2023"]
[Site "Copenhagen"]
[Date "2023.11.10"]
[Round "2.3"]
[White "Vasli, Aref"]
[Black "Pedersen, Daniel Vesterbaek"]
[Result "1-0"]
[WhiteElo "2404"]
[BlackElo "2191"]
[PlyCount "79"]
[EventDate "2023.11.10"]
[EventType "swiss"]
[EventRounds "7"]
[EventCountry "DEN"]
[SourceTitle "Live v. Kasper Jerwiarz"]

1. e4 c5 2. Nf3 d6 3. Bb5+ Nd7 4. Ba4 Ngf6 5. O-O e6 6. d4 cxd4 7. Qxd4 Be7 8.
c4 O-O 9. Nc3 Qb6 10. Rd1 Qxd4 11. Nxd4 Nb6 12. Bb3 Bd7 13. Ndb5 Bc6 14. f3
Rfd8 15. Be3 Nc8 16. Rd2 a6 17. Nd4 Be8 18. Rad1 Na7 19. Nde2 b5 20. e5 Nd7 21.
exd6 Bf8 22. c5 Rac8 23. Ne4 Nc6 24. Rc1 Na5 25. Rdc2 Nxb3 26. axb3 Nb8 27. Ra1
Bxd6 28. Rd2 Bc7 29. Nd6 Bxd6 30. cxd6 Rc6 31. Ba7 Bd7 32. b4 e5 33. Nc3 Be6
34. Re1 Nd7 35. Ne4 f6 36. Nc5 Nxc5 37. bxc5 Kf7 38. b4 Ra8 39. Bb6 Bc4 40. d7
1-0

[Event "GoAudit Open 2023"]
[Site "Copenhagen"]
[Date "2023.11.10"]
[Round "2.4"]
[White "Falkesgaard, Jeppe Hald"]
[Black "Fries Nielsen, Jens Ove"]
[Result "0-1"]
[WhiteElo "2181"]
[BlackElo "2385"]
[PlyCount "96"]
[EventDate "2023.11.10"]
[EventType "swiss"]
[EventRounds "7"]
[EventCountry "DEN"]
[SourceTitle "Live v. Kasper Jerwiarz"]

1. c4 e6 2. g3 g6 3. Bg2 Bg7 4. Nf3 Ne7 5. O-O O-O 6. d4 d6 7. Nc3 Nd7 8. e4 a6
9. a4 c5 10. d5 exd5 11. cxd5 b6 12. Bf4 Ne5 13. Nxe5 dxe5 14. Be3 Qd6 15. Qc2
Bd7 16. Nb1 Rac8 17. Rc1 c4 18. b3 b5 19. axb5 axb5 20. bxc4 Rxc4 21. Qb3 Rfc8
22. Na3 Rb4 23. Qd3 Bf8 24. Bf1 f5 25. f3 f4 26. gxf4 exf4 27. Bd2 Rb2 28. Rxc8
Nxc8 29. Kh1 Bg7 30. Rb1 Rxd2 31. Qxd2 Qxa3 32. Qxf4 Qd6 33. Qe3 b4 34. f4 Bc3
35. Bc4 Qc7 36. Bb3 Kg7 37. e5 Bf5 38. Rd1 Qb7 39. e6 Nd6 40. Qc5 Qe7 41. Kg1
g5 42. Qe3 Bf6 43. fxg5 Bxg5 44. Qd4+ Kg6 45. Qxb4 Be3+ 46. Kf1 Qg5 47. Qxd6
Qg1+ 48. Ke2 Qf2# 0-1

[Event "GoAudit Open 2023"]
[Site "Copenhagen"]
[Date "2023.11.10"]
[Round "2.5"]
[White "Nielsen, Viktor Haarmark"]
[Black "Laursen, Niels Norskov"]
[Result "1-0"]
[WhiteElo "2376"]
[BlackElo "2166"]
[PlyCount "55"]
[EventDate "2023.11.10"]
[EventType "swiss"]
[EventRounds "7"]
[EventCountry "DEN"]
[SourceTitle "Live v. Kasper Jerwiarz"]

1. d4 Nf6 2. c4 g6 3. Nc3 d5 4. cxd5 Nxd5 5. Bd2 c5 6. Rc1 Nc6 7. dxc5 Bg7 8.
Nf3 O-O 9. a3 Bg4 10. e3 Nxc3 11. Bxc3 Qxd1+ 12. Kxd1 Rfd8+ 13. Ke1 e5 14. Be2
Be6 15. b4 e4 16. Ng5 Bd5 17. Bxg7 Kxg7 18. f4 exf3 19. Nxf3 Re8 20. Kf2 Ne5
21. Nxe5 Rxe5 22. Rhd1 a5 23. b5 Rc8 24. Rc3 Rg5 25. g4 Be6 26. c6 bxc6 27.
bxc6 Bd5 28. Rc5 1-0

[Event "GoAudit Open 2023"]
[Site "Copenhagen"]
[Date "2023.11.10"]
[Round "2.6"]
[White "Gregor, Bjarke"]
[Black "Kopylov, Michael"]
[Result "0-1"]
[WhiteElo "2163"]
[BlackElo "2367"]
[PlyCount "43"]
[EventDate "2023.11.10"]
[EventType "swiss"]
[EventRounds "7"]
[EventCountry "DEN"]
[SourceTitle "Live v. Kasper Jerwiarz"]

1. e4 Nf6 2. e5 Nd5 3. d4 d6 4. Nf3 dxe5 5. Nxe5 c6 6. Bc4 Bf5 7. g4 Be6 8. Bb3
f6 9. Nd3 Qc8 10. h3 h5 11. gxh5 Bf7 12. Qg4 Na6 13. Nc3 Rxh5 14. Qxc8+ Rxc8
15. Nxd5 Bxd5 16. Bxd5 cxd5 17. c3 Kf7 18. Be3 e6 19. Kd2 Bd6 20. f4 Rch8 21.
Nf2 Rh4 22. Ng4 0-1

[Event "GoAudit Open 2023"]
[Site "Copenhagen"]
[Date "2023.11.10"]
[Round "2.7"]
[White "Kopylov, Daniel"]
[Black "Petersen, Peter Birk"]
[Result "1-0"]
[WhiteElo "2342"]
[BlackElo "2146"]
[PlyCount "51"]
[EventDate "2023.11.10"]
[EventType "swiss"]
[EventRounds "7"]
[EventCountry "DEN"]
[SourceTitle "Live v. Kasper Jerwiarz"]

1. e4 c5 2. Nf3 e6 3. d4 cxd4 4. Nxd4 Nf6 5. Nc3 d6 6. Be3 a6 7. Be2 Nbd7 8.
O-O Qc7 9. f4 b5 10. a3 Bb7 11. Bd3 Be7 12. Qf3 Nc5 13. Rae1 O-O 14. Kh1 d5 15.
e5 Nfe4 16. Nce2 Rac8 17. Ng3 Nxd3 18. cxd3 Nc5 19. Bg1 Na4 20. f5 exf5 21.
Ndxf5 d4 22. Qg4 g6 23. Bxd4 Bc5 24. e6 Bxd4 25. exf7+ Rxf7 26. Nh6+ 1-0

[Event "GoAudit Open 2023"]
[Site "Copenhagen"]
[Date "2023.11.10"]
[Round "2.8"]
[White "Christensen, Janus"]
[Black "Hoi, Carsten"]
[Result "1/2-1/2"]
[WhiteElo "2140"]
[BlackElo "2307"]
[PlyCount "80"]
[EventDate "2023.11.10"]
[EventType "swiss"]
[EventRounds "7"]
[EventCountry "DEN"]
[SourceTitle "Live v. Kasper Jerwiarz"]

1. e4 g6 2. d4 Bg7 3. Nf3 d6 4. Bc4 Nc6 5. O-O Nf6 6. Re1 Bg4 7. c3 e5 8. d5
Ne7 9. Qa4+ Bd7 10. Qb3 Rb8 11. a4 O-O 12. Be3 c5 13. Nbd2 h6 14. h3 g5 15. Nh2
Ng6 16. Be2 Nf4 17. Bxf4 exf4 18. Qd1 Re8 19. Bf3 b6 20. Nc4 Bc8 21. e5 dxe5
22. Nxe5 Qd6 23. Nc6 Rxe1+ 24. Qxe1 Rb7 25. c4 Kf8 26. Qd2 Nd7 27. Bg4 Rc7 28.
Qe2 Ne5 29. Re1 Rxc6 30. dxc6 Qxc6 31. Bxc8 Qxc8 32. b3 Nc6 33. Nf3 Bf6 34. Qe4
Kg7 35. Rd1 Nd4 36. Nxd4 cxd4 37. Qd5 Qf8 38. Rd3 Qb4 39. Kf1 Qa3 40. Ke2 Qe7+
1/2-1/2

[Event "GoAudit Open 2023"]
[Site "Copenhagen"]
[Date "2023.11.10"]
[Round "2.9"]
[White "Ostergaard, Jens"]
[Black "Moe, Mogens"]
[Result "1-0"]
[WhiteElo "2285"]
[BlackElo "2092"]
[PlyCount "117"]
[EventDate "2023.11.10"]
[EventType "swiss"]
[EventRounds "7"]
[EventCountry "DEN"]
[SourceTitle "Live v. Kasper Jerwiarz"]

1. Nf3 Nf6 2. c4 g6 3. g3 Bg7 4. Bg2 O-O 5. O-O d5 6. cxd5 Nxd5 7. d4 c5 8.
dxc5 Na6 9. a3 Nxc5 10. Qc2 Qb6 11. Nbd2 Bg4 12. h3 Bxf3 13. Bxf3 e6 14. e4 Ne7
15. Rb1 Rac8 16. b4 Nd7 17. Qa2 Ne5 18. Be2 Rfd8 19. Nb3 Qc6 20. f4 Qb6+ 21.
Nc5 N5c6 22. Be3 Bd4 23. Bxd4 Nxd4 24. Kh2 a5 25. Rfd1 axb4 26. axb4 Nec6 27.
Na4 Qa7 28. Bf1 Ra8 29. b5 Qxa4 30. Qxa4 Rxa4 31. bxc6 bxc6 32. Rbc1 Ra2+ 33.
Bg2 f6 34. Kh1 Ra5 35. Ra1 Rxa1 36. Rxa1 Rc8 37. Bf1 Rc7 38. Bc4 Kg7 39. Kg2 e5
40. fxe5 fxe5 41. g4 g5 42. h4 gxh4 43. Kh3 Nf3 44. Ra8 Ng5+ 45. Kxh4 Nxe4 46.
g5 Rf7 47. Bxf7 Kxf7 48. Kg4 Nd6 49. Ra7+ Kg6 50. Rc7 Nf7 51. Rxc6+ Kg7 52. Kf5
h5 53. g6 Nh6+ 54. Kg5 Ng4 55. Rc7+ Kg8 56. Kxh5 Nf6+ 57. Kg5 Ne8 58. Rc8 Kf8
59. g7+ 1-0

[Event "GoAudit Open 2023"]
[Site "Copenhagen"]
[Date "2023.11.10"]
[Round "2.10"]
[White "Sorensen, Reto Utiger"]
[Black "Andries, Alf"]
[Result "0-1"]
[WhiteElo "2060"]
[BlackElo "2031"]
[PlyCount "64"]
[EventDate "2023.11.10"]
[EventType "swiss"]
[EventRounds "7"]
[EventCountry "DEN"]
[SourceTitle "Live v. Kasper Jerwiarz"]

1. c4 c5 2. Nc3 Nc6 3. Nf3 e5 4. g3 g6 5. Bg2 Bg7 6. O-O d6 7. Rb1 Nge7 8. a3
a5 9. Nb5 O-O 10. d3 h6 11. Bd2 d5 12. cxd5 Nxd5 13. Qc1 g5 14. Qxc5 Be6 15.
Nd6 Qd7 16. Rfc1 Rfd8 17. Nxb7 Qxb7 18. Qxc6 Qb3 19. Qc2 Qb6 20. Bc3 Rac8 21.
Qd2 Nxc3 22. bxc3 Qd6 23. Qe3 Qxa3 24. Nxe5 Rxc3 25. Nc6 Re8 26. Rxc3 Qxc3 27.
Be4 Bd7 28. Rc1 Qb2 29. Qc5 Qxe2 30. Qxa5 Bxc6 31. Rxc6 Rxe4 32. Rc8+ Re8 0-1

[Event "GoAudit Open 2023"]
[Site "Copenhagen"]
[Date "2023.11.10"]
[Round "2.11"]
[White "Guindy, Esmat Susanne"]
[Black "Dalsberg, Sandra de Blecourt"]
[Result "1-0"]
[WhiteElo "2014"]
[BlackElo "2028"]
[PlyCount "71"]
[EventDate "2023.11.10"]
[EventType "swiss"]
[EventRounds "7"]
[EventCountry "DEN"]
[SourceTitle "Live v. Kasper Jerwiarz"]

1. d4 Nf6 2. g3 g6 3. Bg2 Bg7 4. c4 d5 5. Nc3 c6 6. Nf3 O-O 7. O-O b6 8. b3 Bb7
9. Bb2 Nbd7 10. h3 Rc8 11. Ne5 dxc4 12. bxc4 Qc7 13. f4 Rfd8 14. Qa4 a6 15.
Rac1 Nh5 16. Kh2 Nxe5 17. dxe5 Rd2 18. Rc2 Rcd8 19. Ne4 Rxc2 20. Qxc2 Bh8 21.
Ng5 Ng7 22. c5 b5 23. Qb3 e6 24. Ne4 Nf5 25. Nd6 Nxd6 26. exd6 Qa5 27. Rd1 b4
28. Bxh8 Kxh8 29. Qc4 Qa4 30. Qd4+ Kg8 31. Rd2 a5 32. Qf6 Rd7 33. Qe7 Rxe7 34.
dxe7 b3 35. e8=Q+ Kg7 36. Rd7 1-0

[Event "GoAudit Open 2023"]
[Site "Copenhagen"]
[Date "2023.11.10"]
[Round "2.12"]
[White "Lontoft, Sven"]
[Black "Mollasoltani, Aryan"]
[Result "0-1"]
[WhiteElo "1621"]
[BlackElo "1993"]
[PlyCount "112"]
[EventDate "2023.11.10"]
[EventType "swiss"]
[EventRounds "7"]
[EventCountry "DEN"]
[SourceTitle "Live v. Kasper Jerwiarz"]

1. e4 c5 2. Nf3 e6 3. d4 cxd4 4. Nxd4 Nc6 5. Nc3 a6 6. Be2 Qc7 7. O-O Nf6 8.
Be3 Be7 9. f4 d6 10. Kh1 O-O 11. Qd2 b5 12. Bf3 Bb7 13. e5 dxe5 14. Nxc6 Bxc6
15. Bxc6 Qxc6 16. fxe5 Nd7 17. Bd4 Rad8 18. Qf4 b4 19. Qe4 Rc8 20. Qxc6 Rxc6
21. Ne4 Rxc2 22. Rac1 Rfc8 23. Rcd1 Re2 24. Ng3 Rec2 25. Ne4 R2c4 26. Nd6 Bxd6
27. exd6 R4c6 28. Be3 Nf6 29. Bg5 Rd8 30. Bxf6 gxf6 31. Rxf6 Rcxd6 32. Rdf1
R8d7 33. g4 Rd2 34. R6f2 Kg7 35. a3 bxa3 36. bxa3 Rxf2 37. Rxf2 Rd3 38. a4 Rd4
39. h3 Rxa4 40. Rb2 Ra3 41. Kg2 a5 42. h4 a4 43. Rb5 Rb3 44. Rg5+ Kf6 45. Rh5
a3 46. Ra5 Rb2+ 47. Kf3 a2 48. Ke3 Ke7 49. Kd3 Rb4 50. Rxa2 Rxg4 51. Rh2 f5 52.
h5 Kf6 53. Re2 Rh4 54. Ke3 Re4+ 55. Kf3 Rxe2 56. Kxe2 Kg5 0-1

[Event "GoAudit Open 2023"]
[Site "Copenhagen"]
[Date "2023.11.10"]
[Round "3.1"]
[White "Kopylov, Michael"]
[Black "Hector, Jonny"]
[Result "0-1"]
[WhiteElo "2367"]
[BlackElo "2437"]
[PlyCount "98"]
[EventDate "2023.11.10"]
[EventType "swiss"]
[EventRounds "7"]
[EventCountry "DEN"]
[SourceTitle "Live v. Kasper Jerwiarz"]

1. d4 d5 2. c4 c6 3. Nf3 Nf6 4. Qc2 g6 5. Bf4 Bg7 6. e3 O-O 7. Nc3 c5 8. dxc5
Qa5 9. Nd4 dxc4 10. Bxc4 Qxc5 11. Ncb5 Na6 12. O-O e5 13. Nb3 Qe7 14. Bg5 h6
15. Bxf6 Qxf6 16. Rfd1 Nb4 17. Qc3 Nc6 18. Nd6 Kh7 19. Nc5 Qe7 20. Nce4 f5 21.
Nxc8 Raxc8 22. Nd6 Rcd8 23. Qa3 a6 24. Bb3 e4 25. Rac1 Ne5 26. Rd5 Nd3 27. Rc2
Bxb2 28. Qa5 Bg7 29. Rc7 Qf6 30. h3 Rxd6 31. Rxg7+ Kxg7 32. Qc7+ Rf7 33. Qxd6
Qxd6 34. Rxd6 Rc7 35. f3 Rc1+ 36. Kh2 Nc5 37. fxe4 fxe4 38. Rb6 Rc3 39. Bd5
Rxe3 40. Bxb7 Ra3 41. Bd5 e3 42. Bc4 Rc3 43. Bxa6 h5 44. h4 Ne4 45. Re6 Nf6 46.
Kg3 Rc2 47. Rxe3 Rxa2 48. Be2 Nd5 49. Bc4 Rxg2+ 0-1